[Event "Mechanics' Fall TNM; 30/90, SD/30"]
[Site "San Francisco"]
[Date "2012.10.30"]
[Round "3.16"]
[White "Morton, Adam"]
[Black "Milliken, William"]
[Result "1-0"]
[WhiteElo "1894"]
[BlackElo "1612"]
[PlyCount "71"]
[EventDate "2012.??.??"]

1. d4 d5 2. c4 e6 3. Nc3 c5 4. cxd5 exd5 5. Nf3 Nf6 6. g3 Nc6 7. Bg2 Be7 8. O-O
O-O 9. Bg5 h6 10. Be3 cxd4 11. Nxd4 Re8 12. Rc1 Bg4 13. h3 Be6 14. Nxe6 fxe6
15. f4 Qd7 16. Bf2 Rad8 17. Qa4 Bb4 18. Rfd1 Qe7 19. a3 Bc5 20. e3 Bb6 21. Rd3
Nd7 22. b4 a5 23. Qb5 Na7 24. Qa4 Nc6 25. Rb1 axb4 26. axb4 Ra8 27. Qb3 Ra7 28.
Nb5 Ra6 29. Bxd5 Nf8 30. Bg2 Rea8 31. Nd4 Ra3 32. Nxc6 bxc6 33. Qc4 Rxd3 34.
Qxd3 Rc8 35. Qc4 c5 36. e4 1-0

[Event "Mechanics' Summer TNM; 30/90, SD/30"]
[Site "San Francisco"]
[Date "2012.07.03"]
[Round "7.18"]
[White "Morton, Adam"]
[Black "Olson, David"]
[Result "1-0"]
[WhiteElo "1878"]
[BlackElo "1400"]
[PlyCount "41"]
[EventDate "2012.??.??"]

1. d4 d5 2. c4 Nf6 3. cxd5 Nxd5 4. e4 Nb4 5. Qa4+ N8c6 6. d5 Nxd5 7. exd5 Qxd5
8. Nc3 Qd8 9. Nf3 Bd7 10. Qb3 e6 11. Be2 b6 12. O-O Be7 13. Be3 O-O 14. Rfd1 a5
15. Bb5 Qe8 16. Rxd7 Qxd7 17. Ne5 Qc8 18. Bxc6 Rb8 19. Nd7 Rd8 20. Nxb8 Qxb8
21. Rd1 1-0

[Event "Mechanics' Mar TNM; 30/90, SD/30"]
[Site "San Francisco"]
[Date "2012.08.07"]
[Round "2.3"]
[White "Morton, Adam"]
[Black "Rumph, Todd"]
[Result "0-1"]
[WhiteElo "1891"]
[BlackElo "2179"]
[PlyCount "86"]
[EventDate "2012.??.??"]

1. d4 Nf6 2. c4 e6 3. Nf3 d5 4. Nc3 dxc4 5. e4 Bb4 6. e5 Nd5 7. Bd2 Bxc3 8.
bxc3 b5 9. g3 Bb7 10. Bg2 h6 11. O-O Qe7 12. a4 c6 13. Qc2 O-O 14. Nh4 Qd7 15.
f4 b4 16. cxb4 c3 17. Bc1 Na6 18. f5 Rfd8 19. fxe6 Qxe6 20. Nf5 Naxb4 21. Qd1
Ba6 22. Bxd5 Nxd5 23. Rf2 c5 24. Nd6 f6 25. Nf5 Rd7 26. Qg4 Kh8 27. dxc5 fxe5
28. Qe4 Rc8 29. Ba3 Nf6 30. Qc2 Bb7 31. Nd6 Rxd6 32. cxd6 Qd5 33. Rg2 Qd4+ 34.
Rf2 Qd5 35. Rg2 Nd7 36. Rb1 Bc6 37. Rf1 Qd4+ 38. Rgf2 Bxa4 39. Qg6 Rf8 40. Bc1
Rf6 41. Qe8+ Kh7 42. Qe7 Bc6 43. Bxh6 Rxh6 0-1

[Event "Mechanics' Fall TNM; 30/90, SD/30"]
[Site "San Francisco"]
[Date "2012.12.11"]
[Round "9.10"]
[White "Morton, Adam"]
[Black "Standen, Julian"]
[Result "1-0"]
[WhiteElo "1894"]
[BlackElo "1725"]
[PlyCount "59"]
[EventDate "2012.??.??"]

1. d4 d5 2. c4 c6 3. Nc3 Nf6 4. e3 a6 5. Qc2 Bg4 6. c5 e6 7. Nge2 Bf5 8. Qb3
Qc7 9. Ng3 Bg6 10. f4 Nbd7 11. Be2 Be7 12. O-O O-O 13. f5 exf5 14. Nxf5 Rae8
15. Qd1 Ne4 16. Nxe4 dxe4 17. Nxe7+ Rxe7 18. Bd2 Nf6 19. Be1 Qd7 20. Bh4 Re6
21. Bxf6 gxf6 22. Bg4 f5 23. Bxf5 Bxf5 24. Rxf5 Rg6 25. Qh5 Re8 26. Raf1 Ree6
27. Rxf7 Qxf7 28. Rxf7 Kxf7 29. Qxh7+ Rg7 30. Qf5+ 1-0

[Event "Mechanics' Mar TNM; 30/90, SD/30"]
[Site "San Francisco"]
[Date "2012.09.18"]
[Round "8.5"]
[White "Morton, Adam"]
[Black "Wong, Russell"]
[Result "1/2-1/2"]
[WhiteElo "1891"]
[BlackElo "2221"]
[PlyCount "112"]
[EventDate "2012.??.??"]

1. d4 Nf6 2. c4 c5 3. d5 d6 4. Nc3 e5 5. e4 Be7 6. g3 O-O 7. Bh3 a6 8. a4 Nbd7
9. Nf3 Qa5 10. Bd2 Qc7 11. a5 b5 12. axb6 Nxb6 13. Bxc8 Qxc8 14. b3 Qh3 15. Ng5
Qd7 16. h4 Rfb8 17. Kf1 Nc8 18. Kg2 h6 19. Nh3 Rb6 20. Ra3 Rab8 21. Qc2 Ne8 22.
f3 Nc7 23. Nf2 R6b7 24. g4 Qd8 25. Kg3 Nb6 26. Ncd1 Nd7 27. Ne3 g6 28. Ng2 Bf8
29. Rb1 Nf6 30. Ba5 Nfe8 31. Ne3 Be7 32. Ng2 Qc8 33. Qc1 Bf8 34. Bd2 Kh7 35.
Qh1 f5 36. h5 f4+ 37. Bxf4 exf4+ 38. Nxf4 g5 39. Ng6 Nf6 40. Nd1 a5 41. Ne3 a4
42. Qd1 Rxb3 43. Raxb3 Rxb3 44. Rxb3 axb3 45. Qxb3 Nd7 46. e5 Nxe5 47. Qb1 Nxg6
48. Qxg6+ Kh8 49. Nf5 Qe8 50. Qf6+ Kh7 51. Nxd6 Bxd6+ 52. Qxd6 Qe1+ 53. Kg2
Qe2+ 54. Kg3 Qe1+ 55. Kg2 Qe2+ 56. Kg3 Qe1+ 1/2-1/2

[Event "Mechanics' Winter TNM; 30/90, SD/30"]
[Site "San Francisco"]
[Date "2012.01.10"]
[Round "2.1"]
[White "Morton, Adam"]
[Black "Wong, Russell"]
[Result "0-1"]
[WhiteElo "1849"]
[BlackElo "2200"]
[PlyCount "68"]
[EventDate "2012.??.??"]

1. d4 Nf6 2. c4 d6 3. Nc3 g6 4. e4 Bg7 5. f3 a5 6. Nge2 Na6 7. Ng3 c6 8. Be3
Qc7 9. Be2 Bd7 10. Qd2 Rb8 11. c5 b5 12. cxb6 Qxb6 13. O-O Nc7 14. Rab1 O-O 15.
Rfd1 Qb4 16. Bh6 Ne6 17. d5 cxd5 18. Nxd5 Nxd5 19. Bxg7 Kxg7 20. Qxd5 Rfc8 21.
Qd2 Nc5 22. Qxb4 Rxb4 23. b3 a4 24. bxa4 Rxa4 25. Rb2 f6 26. Kf2 Rca8 27. Rdd2
Be6 28. Bb5 Rxa2 29. Rxa2 Rxa2 30. Rxa2 Bxa2 31. Nf1 Kf7 32. Ne3 e6 33. Ke2 Bb3
34. Kd2 f5 {Both scores break down at this point. Black utilized his extra
pawn to win the ending.} 0-1

[Event "Mechanics' Mar TNM; 30/90, SD/30"]
[Site "San Francisco"]
[Date "2012.08.28"]
[Round "5.8"]
[White "Morton, Adam"]
[Black "Zavadsky, Peter"]
[Result "0-1"]
[WhiteElo "1891"]
[BlackElo "2307"]
[PlyCount "85"]
[EventDate "2012.??.??"]

1. d4 Nf6 2. c4 g6 3. Nc3 d5 4. cxd5 Nxd5 5. Bd2 Bg7 6. e4 Nb6 7. Be3 O-O 8.
Be2 Nc6 9. Nf3 Bg4 10. d5 Na5 11. Bd4 e5 12. Bxb6 cxb6 13. Nd2 Bxe2 14. Qxe2
Rc8 15. O-O Bh6 16. Rac1 Bxd2 17. Qxd2 Nc4 18. Qe2 a6 19. Nd1 Nd6 20. Rxc8 Qxc8
21. Qe3 b5 22. f4 Re8 23. f5 Qc4 24. Qh6 Qd4+ 25. Ne3 Nc4 26. Rf3 Nxe3 27. Rxe3
Qb6 28. Kf2 Rc8 29. Kg3 Rc2 30. Rf3 Qg1 31. Qh3 Qe1+ 32. Kg4 Qxe4+ 33. Kg5 Qxd5
34. Rd3 Qxg2+ 35. Qxg2 Rxg2+ 36. Kf6 h5 37. Rd8+ Kh7 38. fxg6+ fxg6 39. h4 e4
40. Re8 Rf2+ 41. Ke5 Rxb2 42. Re7+ Kh6 43. Rxb7 0-1

[Event "Mechanics' Fall TNM; 30/90, SD/30"]
[Site "San Francisco"]
[Date "2012.10.30"]
[Round "3.19"]
[White "Murilo, Filho"]
[Black "Allen, Tom"]
[Result "1-0"]
[WhiteElo "1832"]
[BlackElo "1504"]
[PlyCount "61"]
[EventDate "2012.??.??"]

1. d4 Nf6 2. Nf3 d5 3. Bf4 Bg4 4. e3 e6 5. Be2 Nc6 6. O-O Nh5 7. c3 Nxf4 8.
exf4 Be7 9. Nbd2 Bf5 10. Ne5 f6 11. Nxc6 bxc6 12. Ba6 Rb8 13. Nb3 Rb6 14. Bd3
Bxd3 15. Qxd3 Bd6 16. f5 e5 17. Rfe1 e4 18. Qh3 Qe7 19. f3 Kd8 20. fxe4 dxe4
21. Re2 c5 22. Rd1 Kc8 23. Qg4 Re8 24. Rde1 h5 25. Qxh5 Qd8 26. Qg4 cxd4 27.
Rxe4 Rxe4 28. Qxe4 dxc3 29. bxc3 Be5 30. c4 Qd6 31. c5 1-0

[Event "Mechanics' Fall TNM; 30/90, SD/30"]
[Site "San Francisco"]
[Date "2012.11.27"]
[Round "7.18"]
[White "Murilo, Filho"]
[Black "Campers, Willie"]
[Result "1-0"]
[WhiteElo "1832"]
[BlackElo "1607"]
[Annotator "Donaldson"]
[PlyCount "87"]
[EventDate "2012.??.??"]

1. d4 d5 2. Nf3 Nf6 3. Bf4 c6 4. c3 b5 5. e3 Bf5 6. Bd3 Ne4 7. Nbd2 $2 h6 $2 (
7... Nxf2) 8. Qc2 Nd7 9. Nxe4 dxe4 10. Bxe4 Bxe4 11. Qxe4 Rc8 12. Be5 Nxe5 13.
Nxe5 Qd5 14. Qxd5 cxd5 15. a4 bxa4 16. Rxa4 Rc7 17. O-O f6 18. Ng6 Rg8 19. Rfa1
Kf7 20. Nf4 e6 21. Rxa7 Bd6 22. Rxc7+ Bxc7 23. Ra7 Rc8 24. Nd3 Ke7 25. Nb4 Kd6
26. Kf1 g6 27. Ke2 Rb8 28. Rxc7 Rxb4 29. cxb4 Kxc7 30. Kd3 Kb6 31. Kc3 Kb5 32.
Kb3 e5 33. g4 h5 34. h3 hxg4 35. hxg4 e4 36. Kc3 Kc6 37. Kb3 Kb5 38. Ka3 f5 39.
gxf5 gxf5 40. Kb3 Kb6 41. Ka4 Ka6 42. b5+ Kb6 43. Kb4 Kc7 44. Kc5 1-0

[Event "Mechanics' Fall TNM; 30/90, SD/30"]
[Site "San Francisco"]
[Date "2012.11.13"]
[Round "5.16"]
[White "Murilo, Filho"]
[Black "Hack, Richard"]
[Result "1/2-1/2"]
[WhiteElo "1832"]
[BlackElo "1639"]
[Annotator "Donaldson"]
[PlyCount "86"]
[EventDate "2012.??.??"]

1. d4 f5 2. Nf3 Nf6 3. Bf4 g6 4. e3 Bg7 5. Bc4 Nc6 6. d5 Na5 7. Be2 d6 8. b4
Nh5 9. c3 Nxf4 10. exf4 c6 11. O-O cxd5 12. bxa5 Qxa5 13. Nd4 e6 14. Bb5+ Bd7
$2 (14... Kf7 $14) 15. Qa4 $2 (15. Nxe6 Bxb5 16. Qxd5 Bf6 17. Re1 $18) 15...
Qxa4 16. Bxa4 Bxa4 17. Nxe6 Kf7 18. Nc7 Rac8 19. Nxd5 Rc5 $19 20. Ne3 Bxc3 21.
Nxc3 Rxc3 22. Rfe1 Rc5 23. h3 h5 24. Rab1 b6 25. Rb4 Bc6 26. Rd4 d5 27. g4 hxg4
$17 28. hxg4 Re8 29. Red1 Ke6 30. Kg2 Rh8 31. Kg3 Ra5 32. Re1 Kf6 33. Nc4 Ra4
$2 (33... dxc4 34. Rd6+ Kf7 35. Rxc6 Re8 $15) 34. g5+ Kg7 35. Re7+ Kf8 36. Rc7
Rxc4 37. Rxc4 dxc4 38. Rxc6 Kf7 39. Rxc4 Re8 40. Rc6 Re6 41. Rc7+ Re7 42. Rc6
Re6 43. Rc7+ Re7 1/2-1/2

[Event "Mechanics' Fall TNM; 30/90, SD/30"]
[Site "San Francisco"]
[Date "2012.12.11"]
[Round "9.12"]
[White "Murilo, Filho"]
[Black "Matchen, George"]
[Result "1-0"]
[WhiteElo "1832"]
[BlackElo "1584"]
[PlyCount "111"]
[EventDate "2012.??.??"]

1. d4 d5 2. Nf3 Nf6 3. Bf4 Nc6 4. e3 a6 5. c3 e6 6. Bd3 Be7 7. O-O Nh5 8. Ne5
Nxf4 9. Nxc6 bxc6 10. exf4 a5 11. Nd2 Qd6 12. g3 c5 13. Bb5+ c6 14. Ba4 O-O 15.
Nf3 f6 16. Re1 c4 17. f5 e5 18. dxe5 fxe5 19. Nxe5 Bb7 20. Nxc6 Bf6 21. Re6 Qc5
22. Nd4 Bxd4 23. cxd4 Qc7 24. Qh5 Bc8 25. Re5 Bd7 26. Bc2 Rf6 27. Rae1 Raf8 28.
g4 Rh6 29. Qg5 Be8 30. h4 Bf7 31. h5 Qb6 32. f6 Rxf6 33. Qd2 Rh6 34. Re7 Re6
35. Bf5 Rxe1+ 36. Rxe1 Rb8 37. Re2 a4 38. a3 Qd6 39. Kg2 g6 40. hxg6 hxg6 41.
Bb1 Kg7 42. Re1 Rh8 43. Rh1 Rxh1 44. Kxh1 Qf6 45. Kg2 g5 46. f3 Bg6 47. Bxg6
Qxg6 48. Qe2 Qf6 49. Qd2 Kf7 50. Qe3 Qg6 51. Kg3 Qf6 52. f4 gxf4+ 53. Qxf4
Qxf4+ 54. Kxf4 Kf6 55. g5+ Kg6 56. Ke5 1-0

[Event "Mechanics' Spring TNM; 30/90, SD/30"]
[Site "San Francisco"]
[Date "2012.04.10"]
[Round "5.10"]
[White "Nagarajan, Pranav"]
[Black "Anderson, Michael"]
[Result "1-0"]
[WhiteElo "1819"]
[BlackElo "1908"]
[PlyCount "49"]
[EventDate "2012.??.??"]

1. d4 Nf6 2. c4 e6 3. Nc3 c5 4. d5 exd5 5. cxd5 d6 6. e4 g6 7. f4 Bg7 8. Bb5+
Nfd7 9. a4 O-O 10. Nf3 Na6 11. O-O Nc7 12. Bd3 Rb8 13. Re1 Re8 14. Bf1 Nf6 15.
h3 b6 16. e5 dxe5 17. fxe5 Nfxd5 18. Bg5 Qd7 19. Nb5 h6 20. Bh4 Bb7 21. Bc4
Nxb5 22. axb5 Ba8 23. Ra3 Qb7 $4 24. Rd3 Nb4 25. Rd7 1-0

[Event "Mechanics' Mar TNM; 30/90, SD/30"]
[Site "San Francisco"]
[Date "2012.08.28"]
[Round "5.5"]
[White "Nagarajan, Pranav"]
[Black "Gaffagan, Steven"]
[Result "0-1"]
[WhiteElo "1954"]
[BlackElo "2062"]
[PlyCount "92"]
[EventDate "2012.??.??"]

1. d4 Nf6 2. c4 g6 3. Nc3 Bg7 4. e4 d6 5. Nge2 O-O 6. Ng3 c5 7. d5 e6 8. Bd3 h5
9. Bg5 Qb6 10. Qc2 Na6 11. a3 Nh7 12. Be3 h4 13. Nge2 Qd8 14. O-O e5 15. f4
exf4 16. Nxf4 Be5 17. Be2 h3 18. g3 Qe7 19. Rae1 Ng5 20. Bf2 Nc7 21. Bd1 Bd7
22. Nd3 Bg7 23. e5 Bf5 24. exd6 Qxd6 25. Bxc5 Qxc5+ 26. Nxc5 Bxc2 27. Bxc2 Bd4+
28. Kh1 Bxc5 29. b4 Bd4 30. Ne2 Bb2 31. a4 Ba3 32. Rb1 Rfe8 33. Nf4 Re3 34. d6
Nce6 35. Nd5 Re2 36. Bd3 Rd2 37. Rbd1 Rxd1 38. Rxd1 a5 39. Nc7 Nxc7 40. dxc7
Rc8 41. Bxg6 Rxc7 42. Bd3 Bxb4 43. Kg1 Re7 44. Bc2 Re2 45. Bd3 Rg2+ 46. Kf1 Nf3
0-1

[Event "Mechanics' Mar TNM; 30/90, SD/30"]
[Site "San Francisco"]
[Date "2012.09.25"]
[Round "9.3"]
[White "Nagarajan, Pranav"]
[Black "Goins, Demetrius"]
[Result "1/2-1/2"]
[WhiteElo "1954"]
[BlackElo "2129"]
[PlyCount "64"]
[EventDate "2012.??.??"]

1. d4 Nf6 2. c4 e6 3. Nc3 d5 4. cxd5 exd5 5. Bg5 Be7 6. e3 c6 7. Bd3 Nbd7 8.
Qc2 Nf8 9. Nge2 Ne6 10. Bh4 g6 11. h3 Ng7 12. g4 O-O 13. O-O-O Re8 14. f4 Nxg4
15. Bxe7 Qxe7 16. hxg4 Qxe3+ 17. Kb1 Bxg4 18. Rdg1 h5 19. Rg3 Qe6 20. Qd2 Nf5
21. Rgg1 Qe3 22. Qxe3 Rxe3 23. Bxf5 Bxf5+ 24. Kc1 Rae8 25. Ng3 Bg4 26. Kd2 Kf8
27. f5 Rf3 28. fxg6 Rf2+ 29. Kc1 fxg6 30. Rf1 Rxf1+ 31. Rxf1+ Kg7 32. Kd2 h4
1/2-1/2

[Event "Mechanics' Spring TNM; 30/90, SD/30"]
[Site "San Francisco"]
[Date "2012.04.03"]
[Round "4.7"]
[White "Nagarajan, Pranav"]
[Black "Jaffray, John"]
[Result "1/2-1/2"]
[WhiteElo "1819"]
[BlackElo "2034"]
[PlyCount "125"]
[EventDate "2012.??.??"]

1. d4 Nf6 2. c4 e6 3. Nf3 Bb4+ 4. Bd2 a5 5. a3 Bxd2+ 6. Qxd2 d5 7. Nc3 O-O 8.
e3 Nbd7 9. Bd3 Re8 10. O-O dxc4 11. Bxc4 c6 12. e4 e5 13. dxe5 Nxe5 14. Qxd8
Nxf3+ 15. gxf3 Rxd8 16. Rfd1 Bh3 17. Bf1 Be6 18. Rxd8+ Rxd8 19. Rd1 Rxd1 20.
Nxd1 Kf8 21. Ne3 Nd7 22. Bc4 Ke7 23. Kf1 Ne5 24. Bxe6 Kxe6 25. Ke2 g5 26. b3 f6
27. Nf5 Nf7 28. Ke3 Nd6 29. Nxd6 Kxd6 30. f4 gxf4+ 31. Kxf4 Ke6 32. Ke3 b6 33.
f4 Kd6 34. Kd4 Ke6 35. Ke3 Kd6 36. Kf3 Ke7 37. e5 f5 38. Ke3 Kd7 39. Kd4 Ke6
40. Kc4 Ke7 41. b4 axb4 42. Kxb4 Ke6 43. a4 Kd5 44. a5 c5+ 45. Kb5 bxa5 46.
Kxa5 c4 47. Kb4 Kd4 48. e6 c3 49. e7 c2 50. e8=Q c1=Q 51. Qe5+ Kd3 52. Qxf5+
Ke2 53. Qe4+ Kf2 54. Qd4+ Kf3 55. Qd3+ Kxf4 56. Qxh7 Qe1+ 57. Kc5 Qe5+ 58. Kb6
Qe6+ 59. Kc7 Qe5+ 60. Kd8 Qd4+ 61. Qd7 Qxd7+ 62. Kxd7 Kg4 63. Ke6 1/2-1/2

[Event "Mechanics' Mar TNM; 30/90, SD/30"]
[Site "San Francisco"]
[Date "2012.07.31"]
[Round "1.10"]
[White "Nagarajan, Pranav"]
[Black "Mar, Henry"]
[Result "1-0"]
[WhiteElo "1954"]
[BlackElo "1500"]
[PlyCount "75"]
[EventDate "2012.??.??"]

1. d4 c6 2. c4 d5 3. Nc3 Nf6 4. e3 Bf5 5. cxd5 cxd5 6. Qb3 b6 7. Bb5+ Bd7 8.
Nxd5 Bxb5 9. Qxb5+ Nbd7 10. Nxf6+ gxf6 11. Ne2 e6 12. Bd2 Rg8 13. Qh5 h6 14.
Rc1 Rg5 15. Qf3 Be7 16. Qb7 a5 17. Rc7 Rb8 18. Qa7 Ra8 19. Qb7 Rb8 20. Qc6 Rxg2
21. Rxd7 Qxd7 22. Qxg2 Rc8 23. Nc3 Bb4 24. O-O Ke7 25. a3 Bd6 26. Ne4 e5 27.
Bc3 f5 28. Nxd6 Qxd6 29. dxe5 Qd7 30. Qg7 Rc6 31. e6 Rxe6 32. Qd4 Rg6+ 33. Kh1
Qb7+ 34. f3 Rd6 35. Qe5+ Re6 36. Qxf5 Rxe3 37. Bf6+ Ke8 38. Rd1 1-0

[Event "Mechanics' Spring TNM; 30/90, SD/30"]
[Site "?"]
[Date "2012.03.20"]
[Round "8.33"]
[White "Nagarajan, Pranav"]
[Black "Mar, Henry"]
[Result "1-0"]
[WhiteElo "1819"]
[BlackElo "1500"]
[PlyCount "29"]
[EventDate "2012.03.20"]

1. d4 Nf6 2. c4 e6 3. Nc3 g6 4. e4 d6 5. Bd3 Nbd7 6. f4 Nh5 7. Nf3 Be7 8. O-O
c5 9. d5 Bf6 10. Nb5 Nb6 11. e5 dxe5 12. fxe5 Rb8 13. exf6 Qxf6 14. Nd6+ Kf8
15. Ng5 1-0

[Event "Mechanics' Mar TNM; 30/90, SD/30"]
[Site "San Francisco"]
[Date "2012.08.14"]
[Round "3.4"]
[White "Nagarajan, Pranav"]
[Black "Margulis, Igor"]
[Result "1-0"]
[WhiteElo "1954"]
[BlackElo "2100"]
[PlyCount "59"]
[EventDate "2012.??.??"]

1. d4 d6 2. c4 e5 3. d5 f5 4. e4 fxe4 5. Nc3 Nf6 6. Bg5 Bf5 7. Nge2 Nbd7 8. Ng3
Be7 9. Nxf5 O-O 10. Be2 Qe8 11. Nxe7+ Qxe7 12. Nxe4 Qf7 13. Nxf6+ Nxf6 14. Bxf6
Qxf6 15. O-O Rae8 16. Bg4 Qf4 17. Be6+ Kh8 18. Qg4 Qd2 19. Rad1 Qa5 20. Rd3 Rf4
21. Qh5 Ref8 22. Rh3 h6 23. Qg6 R4f6 24. Qb1 Qd2 25. f3 c5 26. Qc1 Qd4+ 27. Kh1
e4 28. Qc3 Qxc3 29. bxc3 Rf4 30. Kg1 1-0

[Event "Mechanics' Fall TNM; 30/90, SD/30"]
[Site "San Francisco"]
[Date "2012.11.20"]
[Round "6.14"]
[White "Nagarajan, Pranav"]
[Black "Murilo, Filho"]
[Result "1-0"]
[WhiteElo "1997"]
[BlackElo "1832"]
[Annotator "Donaldson"]
[PlyCount "87"]
[EventDate "2012.??.??"]

1. d4 d5 2. c4 c6 (2... e6 3. Nc3 Be7) 3. Nc3 e6 (3... Nf6 4. Nf3 e6 5. cxd5
exd5 6. Bg5 Be7 7. Qc2 g6 8. e3 Bf5) 4. cxd5 exd5 5. Qc2 Nf6 (5... Bd6 6. Nf3
Ne7 7. Bg5 f6 8. Bh4 Bf5) 6. Bg5 Be7 7. e3 O-O 8. Bd3 h6 9. Bh4 (9. Bf4 Nbd7
10. Nf3 Re8 11. O-O Nh5 12. Nxd5) 9... Be6 10. Nge2 Nbd7 11. O-O (11. O-O-O)
11... Nb6 12. f3 Nc4 13. Bf2 b5 14. Nf4 Bd7 15. e4 b4 16. Nd1 Nb6 17. e5 Ne8
18. Ne3 Bg5 19. Ne2 Rc8 20. f4 Bh4 21. g3 Be7 22. Nf5 Bxf5 23. Bxf5 Rc7 24.
Rac1 a5 25. b3 Qa8 26. Be3 a4 27. Bh3 a3 28. f5 f6 29. Nf4 Rc8 30. Ng6 Rf7 31.
e6 Nd6 32. exf7+ Kxf7 33. Nxe7 Kxe7 34. Qc5 Nd7 35. Qxb4 Rb8 36. Qe1 Ne4 37.
Bg2 Kf7 38. Bf4 Re8 39. Qd1 Kg8 40. Qc2 Qa5 41. Qxc6 Rd8 42. Bc7 Qd2 43. Qxd5+
Kh7 44. Qxe4 1-0

[Event "Mechanics' Summer TNM; 30/90, SD/30"]
[Site "San Francisco"]
[Date "2012.06.12"]
[Round "4.16"]
[White "Nagarajan, Pranav"]
[Black "Newey, Richard"]
[Result "1-0"]
[WhiteElo "1862"]
[BlackElo "1641"]
[PlyCount "69"]
[EventDate "2012.??.??"]

1. d4 Nf6 2. c4 g6 3. Nc3 d5 4. Nf3 Bg7 5. Bg5 c6 6. e3 Qa5 7. Bxf6 Bxf6 8. Bd3
dxc4 9. Bxc4 b5 10. Bd3 b4 11. Ne4 b3+ 12. Qd2 Qxd2+ 13. Nfxd2 bxa2 14. Nxf6+
exf6 15. Rxa2 Be6 16. Ra5 Ke7 17. O-O Nd7 18. Be4 Bd5 19. Bxd5 cxd5 20. Rxd5
Rab8 21. Ra1 Rxb2 22. Rxa7 Rd8 23. Nf1 Ke6 24. Rda5 Rc8 25. R5a6+ Ke7 26. Ra2
Rb1 27. Ra1 Rb2 28. R7a2 Rxa2 29. Rxa2 Rc1 30. g4 g5 31. Kg2 Nf8 32. Ng3 Ng6
33. Nf5+ Ke6 34. Ra6+ Kd5 35. Rxf6 1-0

[Event "Mechanics' Spring TNM; 30/90, SD/30"]
[Site "San Francisco"]
[Date "2012.05.01"]
[Round "8.4"]
[White "Nagarajan, Pranav"]
[Black "Rumph, Todd"]
[Result "0-1"]
[WhiteElo "1819"]
[BlackElo "2183"]
[PlyCount "90"]
[EventDate "2012.??.??"]

1. d4 Nf6 2. c4 e6 3. Nf3 d5 4. Nc3 c6 5. e3 Nbd7 6. Qc2 Bd6 7. g4 h6 8. Bd2 c5
9. h3 a6 10. O-O-O dxc4 11. dxc5 Nxc5 12. e4 Qc7 13. e5 Bxe5 14. Nxe5 Qxe5 15.
f4 Qd4 16. f5 Nd3+ 17. Bxd3 cxd3 18. Qa4+ Qxa4 19. Nxa4 b5 20. Nb6 Rb8 21. Nxc8
Rxc8+ 22. Kb1 O-O 23. fxe6 fxe6 24. Bb4 Rfd8 25. Rhf1 e5 26. Be7 Rd7 27. Bxf6
gxf6 28. Rxf6 Re8 29. Rf3 e4 30. Re3 Kg7 31. a3 Kf6 32. Rde1 Rd4 33. Rf1+ Ke6
34. Ka2 Rc4 35. Rd1 Kd5 36. Rdxd3+ exd3 37. Rxe8 Kd4 38. Rd8+ Ke3 39. b3 Rd4
40. Re8+ Kf2 41. Rf8+ Kg1 42. Kb2 d2 43. Rc8 d1=Q 44. Rc1 Rd2+ 45. Kb1 Qxc1+
0-1

[Event "Mechanics' Summer TNM; 30/90, SD/30"]
[Site "San Francisco"]
[Date "2012.06.26"]
[Round "6.11"]
[White "Nagarajan, Pranav"]
[Black "Todortsev, Victor"]
[Result "1-0"]
[WhiteElo "1862"]
[BlackElo "1969"]
[PlyCount "67"]
[EventDate "2012.??.??"]

1. d4 e6 2. c4 d5 3. Nc3 Nf6 4. cxd5 exd5 5. Bg5 c6 6. e3 Be7 7. Bd3 O-O 8. Qc2
h6 9. Bh4 Be6 10. Nge2 Nbd7 11. Nf4 c5 12. Nxe6 fxe6 13. O-O Rc8 14. Qe2 Qe8
15. f4 Bd6 16. Rae1 a6 17. g4 Kh8 18. Bb1 Rg8 19. g5 Nh7 20. Qd3 Nhf8 21. Qe2
b5 22. Qg4 h5 23. Qh3 g6 24. Bg3 Rg7 25. Rc1 Nb6 26. f5 Bxg3 27. f6 Rf7 28.
Qxg3 Qd7 29. Ne2 Nc4 30. Nf4 Rh7 31. Nxg6+ Nxg6 32. Bxg6 h4 33. Qh3 e5 34. Bf5
1-0

[Event "Mechanics' Fall TNM; 30/90, SD/30"]
[Site "San Francisco"]
[Date "2012.12.04"]
[Round "8.5"]
[White "Nagarajan, Pranav"]
[Black "Watson, Farid"]
[Result "1-0"]
[WhiteElo "1997"]
[BlackElo "2095"]
[PlyCount "97"]
[EventDate "2012.??.??"]

1. d4 Nf6 2. c4 e6 3. Nc3 Bb4 4. Qc2 Nc6 5. Nf3 h6 6. e4 Bxc3+ 7. bxc3 b6 8. e5
Ng8 9. Bd3 Ba6 10. O-O Na5 11. c5 Qc8 12. cxb6 cxb6 13. Nd2 Bxd3 14. Qxd3 Qc6
15. Ne4 $16 Nc4 16. Qxc4 Qxc4 $4 (16... Qxe4) 17. Nd6+ Kd8 18. Nxc4 f6 19. Nd6
Kc7 20. f4 Ne7 21. Ba3 Nc8 22. c4 Nxd6 23. Bxd6+ Kb7 24. Rf3 Rac8 25. Rc1 f5
26. Rg3 g5 27. fxg5 hxg5 28. Rxg5 Rh4 29. Rg7 Rxd4 30. Rxd7+ Ka6 31. Rc7 Rg8
32. Rc3 Rd1+ 33. Kf2 Rd2+ 34. Kf3 Rxa2 35. Ra3+ Rxa3+ 36. Bxa3 Rg4 37. Bb2 Rh4
38. h3 Re4 39. Bc3 Rh4 40. Bb2 Rh6 41. Bd4 Rh4 42. Ke3 Re4+ 43. Kd3 Re1 44. Re7
Rd1+ 45. Kc3 Rc1+ 46. Kb3 Rd1 47. Bc3 Rg1 48. Rxe6 Rxg2 49. Rf6 1-0

[Event "Mechanics' Fall TNM; 30/90, SD/30"]
[Site "San Francisco"]
[Date "2012.12.11"]
[Round "9.3"]
[White "Nagarajan, Pranav"]
[Black "Winslow, Elliott"]
[Result "0-1"]
[WhiteElo "1997"]
[BlackElo "2293"]
[PlyCount "98"]
[EventDate "2012.??.??"]

1. c4 Nf6 2. Nc3 c5 3. g3 d5 4. cxd5 Nxd5 5. Bg2 Nc7 6. Nf3 Nc6 7. d3 e5 8. Nd2
Bd7 9. a4 Be7 10. O-O O-O 11. Nc4 f6 12. b3 Rc8 13. f4 exf4 14. Bxf4 Bg4 15.
Qd2 Ne6 16. Nd5 Nxf4 17. Rxf4 Be6 18. Nxe7+ Qxe7 19. Re1 Qd7 20. Qc3 Rfd8 21.
Rd1 Nd4 22. Rd2 b6 23. e3 Nc6 24. d4 cxd4 25. exd4 Bxc4 26. Qxc4+ Kh8 27. Qb5
Qd6 28. Qf5 g6 29. Qb1 Kg7 30. Qd1 Qa3 31. Qf3 Qd6 32. Qd1 Nb4 33. Rdf2 Rf8 34.
Re2 Rf7 35. Rfe4 Nd5 36. Re6 Qa3 37. Bxd5 Rc1 38. Qxc1 Qxc1+ 39. Kg2 Rd7 40.
Re7+ Rxe7 41. Rxe7+ Kh6 42. h4 Qc2+ 43. Kg1 Qd3 44. Bg8 Qxg3+ 45. Kf1 Kh5 46.
Rxh7+ Kg4 47. Bd5 Qd3+ 48. Kg2 Qe2+ 49. Kg1 Kg3 0-1

[Event "Mechanics' Fall TNM; 30/90, SD/30"]
[Site "San Francisco"]
[Date "2012.10.30"]
[Round "3.3"]
[White "Nagarajan, Pranav"]
[Black "Wong, Russell"]
[Result "0-1"]
[WhiteElo "1997"]
[BlackElo "2212"]
[PlyCount "51"]
[EventDate "2012.??.??"]

1. d4 Nf6 2. c4 c5 3. d5 d6 4. Nc3 e5 5. e4 Be7 6. h3 a6 7. Nf3 O-O 8. Be3 Nbd7
9. Bd3 Ne8 10. Qe2 g6 11. g4 Ndf6 12. Rg1 Nc7 13. Nd2 Nfe8 14. O-O-O Bg5 15.
Rdf1 b5 16. f4 bxc4 17. Nxc4 exf4 18. Bxf4 Nb5 19. Bxg5 Qxg5+ 20. Qd2 Qxd2+ 21.
Kxd2 Rb8 22. Na4 Kg7 23. Nab6 f6 24. Nxc8 Rxc8 25. Nb6 Rd8 26. Rb1 {
Need to check with Wong on remaining moves.} 0-1

[Event "Mechanics' Winter TNM; 30/90, SD/30"]
[Site "San Francisco"]
[Date "2012.02.14"]
[Round "7.6"]
[White "Narayanan, Praveen"]
[Black "Morton, Adam"]
[Result "1/2-1/2"]
[WhiteElo "1986"]
[BlackElo "1849"]
[PlyCount "102"]
[EventDate "2012.??.??"]

1. Nf3 d5 2. c4 c6 3. d4 Nf6 4. Nc3 e6 5. e3 Nbd7 6. Bd3 dxc4 7. Bxc4 b5 8. Bd3
a6 9. O-O c5 10. a4 b4 11. Ne4 Bb7 12. Nxf6+ Nxf6 13. Qe2 cxd4 14. Nxd4 e5 15.
Nf5 g6 16. Ng3 Bc5 17. e4 O-O 18. Bh6 Re8 19. Rac1 Qb6 20. Qf3 Rac8 21. b3 Rc6
22. Bc4 Bc8 23. h3 Bf8 24. Be3 Qc7 25. Bg5 Kg7 26. Qe3 Ng8 27. Qf3 Be6 28. Bxa6
f6 29. Rxc6 Qxc6 30. Bb5 Qc2 31. Rc1 Qb2 32. Bxe8 fxg5 33. Rc7+ Be7 34. Rb7
Bxb3 35. Bb5 Qa1+ 36. Kh2 Be6 37. Qd3 Qa2 38. Nf1 Qxf2 39. Bc4 Bxc4 40. Qxc4
Kh6 41. Qxg8 Qxf1 42. Rxe7 Qf4+ 43. Kg1 Qc1+ 44. Kh2 Qf4+ 45. Kg1 Qe3+ 46. Kf1
Qc1+ 47. Ke2 Qc2+ 48. Ke1 Qxe4+ 49. Kf1 Qb1+ 50. Kf2 Qc2+ 51. Kg3 Qc3+ 1/2-1/2